000 00562nam a2200217Ia 4500
003 OSt
005 20220924153703.0
006 a|||||r|||| 00| 0
007 ta
008 220923b |||||||| |||| 00| 0 hin d
024 _a351313
037 _cTextual
040 _aARTS
_cARTS
_bhin
041 _2hin
_ahin
082 _aO152, P2
100 _aMakwana Kishore Ed.
_9229527
245 0 _aGodhra narsanhar kalam ka dharma aur adharma
260 _c2002
942 _hO152, P2
_cTEXL
_2CC
999 _c474510
_d474510